Vista normal
Vista MARC
Entrada Personal Name
Número de registros utilizados en: 3
001 - CONTROL NUMBER
- control field: 1894
003 - CONTROL NUMBER IDENTIFIER
- control field: OSt
005 - DATE AND TIME OF LATEST TRANSACTION
- control field: 20230511133023.0
008 - FIXED-LENGTH DATA ELEMENTS
- fixed length control field: 230511|| aca||aabn | a|a d
040 ## - CATALOGING SOURCE
- Original cataloging agency: OSt
- Transcribing agency: OSt
100 ## - HEADING--PERSONAL NAME
- Personal name: Pulgarín Cardona, José Albeiro
670 ## - SOURCE DATA FOUND
- Source citation: Work cat.: (OSt)0: Betancur Betancur, Adriana María autora 1890, Integración de las bibliotecas públicas en planes de desarrollo terriotrial